000
00226nam a22000857a 4500
008
160829b xxu||||| |||| 00| 0 eng d
100
_9
262
_a
Gupta S.K
245
_a
General Knowledge-7
260
_a
New Delhi
_b
S.Chand publication
_c
2010
999
_c
2920
_d
2920